|
|
|
|
| LEADER |
01545nam a2200277 a 4500 |
| 001 |
GR-Antirio997 |
| 008 |
140603s2004 nyu g b 001 0 eng|c |
| 020 |
|
|
|a 9780792375487
|q (σκληρόδετο)
|
| 040 |
|
|
|a GrPaTEI
|b gre
|c GR-PaULI
|
| 082 |
|
0 |
|a 621.382
|2 22
|
| 100 |
1 |
|
|a Barry, John R.,
|d 1963-
|
| 245 |
1 |
0 |
|a Digital communication /
|c John R. Barry, Edward A. Lee, David G. Messerschmitt.
|
| 250 |
|
|
|a 3rd ed.
|
| 260 |
|
|
|a New York :
|b Springer,
|c 2004.
|
| 300 |
|
|
|a xvi, 838 σ. :
|b εικ. ;
|c 27 εκ.
|
| 504 |
|
|
|a Περιλαμβάνει βιβλιογραφίες και ευρετήριο.
|
| 650 |
|
0 |
|a Digital communications.
|
| 650 |
|
4 |
|a Ψηφιακές επικοινωνίες.
|
| 700 |
1 |
|
|a Lee, Edward A.,
|d 1957-
|
| 700 |
1 |
|
|a Messerschmitt, David G.
|
| 942 |
|
|
|2 ddc
|
| 952 |
|
|
|0 0
|1 0
|2 ddc
|4 0
|6 621_382000000000000_BAR
|7 0
|9 262626
|a LISK-2
|b LISK-2
|c BSC
|d 2021-01-17
|e 24
|f 0
|g 0.00
|l 0
|o 621.382 BAR
|p 2430000008138
|r 2021-01-17 00:00:00
|t 1
|w 2021-01-17
|y BK15
|x 20141010 0 ΧΑΣΑΝΗ 1
|x GrPaTEI - Antirrio
|
| 952 |
|
|
|0 0
|1 0
|2 ddc
|4 0
|6 621_382000000000000_BAR
|7 0
|9 262627
|a LISK-2
|b LISK-2
|c BSC
|d 2021-01-17
|e 24
|f 0
|g 0.00
|l 0
|o 621.382 BAR
|p 2430000008139
|r 2021-01-17 00:00:00
|t 1
|w 2021-01-17
|y BK15
|x 20140909 0 ΧΑΣΑΝΗ 1
|x GrPaTEI - Antirrio
|
| 952 |
|
|
|0 0
|1 0
|2 ddc
|4 0
|6 621_382000000000000_BAR
|7 0
|9 262628
|a LISK-2
|b LISK-2
|c BSC
|d 2021-01-17
|e 24
|f 0
|g 0.00
|l 0
|o 621.382 BAR
|p 2430000008140
|r 2021-01-17 00:00:00
|t 1
|w 2021-01-17
|y BK15
|x 20140603 0 ΧΑΣΑΝΗ 1
|x GrPaTEI - Antirrio
|
| 971 |
|
|
|a .b25707966
|b 15-04-20
|c 12-09-16
|
| 999 |
|
|
|c 151355
|d 151355
|